000 00386nam a2200133Ia 4500
005 20251222144808.0
008 251222s9999||||xx |||||||||||||| ||spa||
020 _a978-612-4081-23-1
082 _a340.02/Q77
100 _aQuispe Chávez, Gustavo Francisco
245 0 _aPreguntas y Respuestas sobre el Contrato Administrativo de Servicios
264 _bGaceta Jurídica
942 _cLIB
999 _c19987
_d19987